| 000 | 00714nam a2200229Ia 4500 | ||
|---|---|---|---|
| 001 | 2423 | ||
| 003 | GE_BSU | ||
| 008 | 181216s||||||||xx |||||||||||||| ||und|| | ||
| 020 | _a9994032054 | ||
| 040 | _cGE_BSU | ||
| 080 | _a94(44) | ||
| 100 | _aკუტალია,გურამ | ||
| 245 | _aეინჰარდის კარლოს დიდის ცხოვრება | ||
| 245 | _cრედ. ა.გეთიაშვილი | ||
| 260 | _aთბილისი | ||
| 260 | _bუნივერსალი | ||
| 260 | _c2005 | ||
| 300 | _a35გვ. | ||
| 541 | _h1ლ. | ||
| 653 | _aეინჰარდის კარლოს დიდის ცხოვრება | ||
| 942 | _cBK | ||
| 999 |
_c36505 _d36505 |
||